Agriculturally important microorganisms : (Record no. 52117)

MARC details
000 -LEADER
fixed length control field 00726nam a2200229Ia 4500
005 - DATE AND TIME OF LATEST TRANSACTION
control field 20260429112044.0
008 - FIXED-LENGTH DATA ELEMENTS--GENERAL INFORMATION
fixed length control field 260429s9999||||xx |||||||||||||| ||und||
020 ## - INTERNATIONAL STANDARD BOOK NUMBER
International Standard Book Number 9789390175031
041 ## - LANGUAGE CODE
Language English
082 ## - DEWEY DECIMAL CLASSIFICATION NUMBER
Classification number 631.46
Item number MIS
100 ## - MAIN ENTRY--PERSONAL NAME
Personal name Mishra, Bibhuti Bhusan
245 #0 - TITLE STATEMENT
Title Agriculturally important microorganisms :
Remainder of title mechanisms and applications for sustainable agriculture /
Statement of responsibility, etc Bibhuti Bhusan Mishra
250 ## - EDITION STATEMENT
Edition statement 1st ed.
260 ## - PUBLICATION, DISTRIBUTION, ETC. (IMPRINT)
Place of publication, distribution, etc New Delhi :
Name of publisher, distributor, etc New India Publishing Agency,
Date of publication, distribution, etc 2021.
300 ## - PHYSICAL DESCRIPTION
Extent xii, 243 p.; hb
650 ## - SUBJECT ADDED ENTRY--TOPICAL TERM
Topical term or geographic name as entry element Microorganisms
650 ## - SUBJECT ADDED ENTRY--TOPICAL TERM
Topical term or geographic name as entry element Sustainable agriculture
650 ## - SUBJECT ADDED ENTRY--TOPICAL TERM
Topical term or geographic name as entry element Agricultural microbiology
700 ## - ADDED ENTRY--PERSONAL NAME
Personal name Nayak, Suraja Kumar
700 ## - ADDED ENTRY--PERSONAL NAME
Personal name Pahari, Avishek
942 ## - ADDED ENTRY ELEMENTS (KOHA)
Koha item type Text Books
Holdings
Withdrawn status Lost status Damaged status Not for loan Collection code Home library Location Shelving location Date of Cataloging Source of acquisition Total Checkouts Full call number Barcode Date last seen Price effective from Koha item type
        Non-fiction CUTN Central Library CUTN Central Library Medicine, Technology & Management 29/04/2026 International Books Services, New Delhi - Invoice No. IBS/2025-2026/192 on 09-02-2026   631.46 MIS 57192 29/04/2026 29/04/2026 Text Books